|
|
|
|
| LEADER |
00000nam a2200000 a 4500 |
| 001 |
UCN0740 |
| 003 |
CL-VaPUC |
| 008 |
010330e19790000gw |||||||||||||||||eng|d |
| 082 |
0 |
4 |
|a 281.9497
|b OBR
|2 21
|
| 100 |
0 |
|
|a Obrknezevic, Milos
|e author
|9 455943
|
| 245 |
1 |
0 |
|a Development of orthodoxy in Croatia and the croatian orthodox church
|
| 300 |
|
|
|a 47 p
|
| 942 |
|
|
|c BK
|
| 945 |
|
|
|d 20010330 00:00:00
|a cmena
|
| 260 |
|
|
|a Múnich
|b s.n
|c 1979
|
| 650 |
|
7 |
|a IGLESIA ORTODOXA CROATA
|2 CL-VaPUC
|9 455944
|
| 650 |
|
7 |
|a ORTODOXIA CROATA
|2 CL-VaPUC
|9 455945
|
| 651 |
|
7 |
|a CROACIA
|2 CL-VaPUC
|9 455946
|
| 583 |
|
|
|a last modification
|c 20180108 05:02:27
|k Rodrigo Vera
|
| 999 |
|
|
|c 294370
|d 294368
|
| 952 |
|
|
|0 0
|1 0
|4 0
|6 281_949700000000000_OBR_1979
|7 0
|8 A
|9 346659
|a BIBTEO
|b BIBTEO
|d 2019-11-20
|i 3646106
|o 281.9497 OBR 1979
|p 3646106
|r 2024-01-18
|w 2019-11-20
|y BK
|k ICR
|